Cidades Europeias - Statistics

Estatísticas Gerais
  • Esse quiz foi jogado 116 vezes
  • A pontuação média é 9 de 15
Estatísticas das Respostas
Imagem Resposta % Correto
Paris
100%
Roma
98%
Londres
95%
Barcelona
74%
Berlim
73%
Pisa
70%
Bruxelas
53%
Budapeste
47%
Milão
47%
Praga
47%
Copenhaga
35%
Dublin
33%
Kiev
31%
Munique
30%
Pamplona
22%
Nenhum quiz correspondente encontrado
Distribuição das Pontuações
Porcentagem de Pessoas com Cada Pontuação
Percentil de Números Respondidos
Sua Pontuação Histórica
Você não jogou esse quiz